Intercommunalité de l'Allier - Statistiques

Statistiques générales
  • Ce quiz a été pris 35 fois
  • Le résultat moyen est 7 sur 11
Statistiques - réponses
Nombres de communes Intercommunalités % Correct
44 (dont 2 dans la Nièvre) Communauté d'Agglomération Moulins Communauté
100%
21 Communauté d'Agglomération Montluçon Communauté
97%
39 Communauté d'Agglomération Vichy Communauté
97%
60 Communauté de Communes Saint-Pourçain Sioule Lomagne
67%
33 Communauté de Communes Commentry Montmarault Neris Communauté
63%
25 Communauté de Communes du Bocage Bourbonnais
57%
14 Communauté de Communes du Pays de Lapalisse
57%
44 Communauté de Communes Entr'Allier Bresbre et Loire
53%
14 Communauté de Communes du Pays d'Huriel
43%
15 Communauté de Communes du Pays de Tronçais
37%
7 Communauté de Communes du Val de Cher
33%
Aucun quiz correspondant
Distribution des résultats
% des personnes avec chaque résultat
Percentile par nombre de réponses
Votre historique - résultats
Vous n’avez pas pris ce quiz